Taipei economic inquiry

Bibliographic Details
Format: Electronic Journal
Language:English
Chinese
Published: Taipei, Taiwan : National Taipei University, Department of Economics
Subjects:
Online Access:Full text available from Research Library: 01/01/2012 to present

MARC

LEADER 00000nas a2200000 i 4500
001 ssj0001078004
003 WaSeSS
005 20200512172242.0
006 m d
007 cr n
008 140109c20uu9999ch f| p|s|||||| |0eng d
035 |a (WaSeSS)ssj0001078004 
040 |a WaSeSS  |b eng  |c WaSeSS  |d WaSeSS 
041 |a eng  |a chi 
043 |a a-ch--- 
050 1 4 |a HC430.5.A1 
245 0 0 |a Taipei economic inquiry  |h [electronic resource]. 
260 |a Taipei, Taiwan :  |b National Taipei University, Department of Economics 
310 |a Semiannual 
506 |a License restrictions may limit access. 
546 |a In English and Chinese. 
588 |a Description based on: Volume 48 (1) (June 2012); title from title screen (ProQuest, viewed Jan. 9, 2014). 
588 |a Latest issue consulted: Volume 49 (1) (January 2013) (viewed Jan. 9, 2014). 
651 0 |a Taiwan  |x Economic conditions  |v Periodicals. 
655 0 |a Electronic journals. 
776 0 8 |i Print version:  |t Taipei economic inquiry  |x 1018-1245 
856 4 0 |z Full text available from Research Library: 01/01/2012 to present  |u https://search.proquest.com/publication/1106340